Tendencias y oportunidades de la sustentabilidad en México / (Record no. 217339)
[ view plain ]
| 000 -CABECERA | |
|---|---|
| campo de control de longitud fija | 00879 a2200241 4500 |
| 003 - IDENTIFICADOR DEL NÚMERO DE CONTROL | |
| campo de control | OSt |
| 005 - FECHA Y HORA DE LA ÚLTIMA TRANSACCIÓN | |
| campo de control | 20230322095716.0 |
| 008 - DATOS DE LONGITUD FIJA--INFORMACIÓN GENERAL | |
| campo de control de longitud fija | 220726b2009 mx |||f |||| 001 0 spa d |
| 020 ## - NÚMERO INTERNACIONAL ESTÁNDAR DEL LIBRO | |
| Número Internacional Estándar del Libro | 9786074021356 |
| 040 ## - FUENTE DE LA CATALOGACIÓN | |
| Centro/agencia transcriptor | CHAP |
| 082 04 - NÚMERO DE LA CLASIFICACIÓN DECIMAL DEWEY | |
| Número de clasificación | 338.9270972 |
| Número de documento/Ítem | G64 |
| Número de edición | 22 |
| 100 1# - ENTRADA PRINCIPAL--NOMBRE DE PERSONA | |
| 9 (RLIN) | 48948 |
| Nombre de persona | González Gaudiano, Edgar J. |
| 245 10 - MENCIÓN DE TÍTULO | |
| Título | Tendencias y oportunidades de la sustentabilidad en México / |
| Mención de responsabilidad, etc. | por Edgar J. González Gaudiano |
| 264 #1 - PRODUCCIÓN, PUBLICACIÓN, DISTRIBUCIÓN, FABRICACIÓN Y COPYRIGHT | |
| Producción, publicación, distribución, fabricación y copyright | México: |
| Nombre del de productor, editor, distribuidor, fabricante | Instituto de Investigaciones Sociales, UANL : |
| -- | Plaza y Valdés, |
| Fecha de producción, publicación, distribución, fabricación o copyright | 2009. |
| 300 ## - DESCRIPCIÓN FÍSICA | |
| Extensión | 120 páginas |
| 490 1# - MENCIÓN DE SERIE | |
| Mención de serie | Serie desarrollo sustentable |
| Designación de volumen o secuencia | 4 |
| 504 ## - NOTA DE BIBLIOGRAFÍA, ETC. | |
| Nota de bibliografía, etc. | Incluye índice |
| 650 #1 - PUNTO DE ACCESO ADICIONAL DE MATERIA--TÉRMINO DE MATERIA | |
| 9 (RLIN) | 139361 |
| Término de materia o nombre geográfico como elemento de entrada | Desarrollo sustentable |
| Subdivisión general | México |
| 650 #2 - PUNTO DE ACCESO ADICIONAL DE MATERIA--TÉRMINO DE MATERIA | |
| 9 (RLIN) | 129164 |
| Término de materia o nombre geográfico como elemento de entrada | Medio ambiente |
| Subdivisión general | Aspectos sociales |
| 650 #2 - PUNTO DE ACCESO ADICIONAL DE MATERIA--TÉRMINO DE MATERIA | |
| 9 (RLIN) | 131313 |
| Término de materia o nombre geográfico como elemento de entrada | Desarrollo sustentable |
| Subdivisión general | Aspectos ambientales |
| 830 #0 - PUNTO DE ACCESO ADICIONAL DE SERIE-TÍTULO UNIFORME | |
| 9 (RLIN) | 126385 |
| Título uniforme | Serie desarrollo sustentable |
| 942 ## - ELEMENTOS DE PUNTO DE ACCESO ADICIONAL (KOHA) | |
| Fuente del sistema de clasificación o colocación | Dewey Decimal Classification |
| Tipo de ítem Koha | Libro |
| Estado de retiro | Estado de pérdida | Fuente del sistema de clasificación o colocación | Estado dañado | Restricciones de uso | No para préstamo | Código de colección | Localización permanente | Ubicación/localización actual | Ubicación en estantería | Fecha de adquisición | Total de préstamos | Signatura topográfica completa | Código de barras | Fecha visto por última vez | Precio válido a partir de | Tipo de ítem Koha | Número de copia |
|---|---|---|---|---|---|---|---|---|---|---|---|---|---|---|---|---|---|
| Dewey Decimal Classification | Préstamo 15 días | General | Biblioteca Central | Biblioteca Central | Planta alta - Colección General | 14/03/2023 | 338.9270972 G64 | 33724002566819 | 14/03/2023 | 14/03/2023 | Libro | ||||||
| Dewey Decimal Classification | Préstamo 15 días | General | Biblioteca Central | Biblioteca Central | Planta alta - Colección General | 14/03/2023 | 338.9270972 G64 | 33724002566850 | 14/03/2023 | 14/03/2023 | Libro | c.2 |
